|
|
|
|
| LEADER |
00000nab a2200000 a 4500 |
| 001 |
vtls000678489 |
| 003 |
SK-MaSNL |
| 005 |
20260303101048.0 |
| 008 |
180205c1998 xo 0 slo |
| 015 |
|
|
|a SNBRB1998/11-30714
|
| 035 |
|
|
|a CLN000030658
|
| 040 |
|
|
|a SNKBUCL
|b slo
|c SNKBUCL
|e AACR2
|
| 041 |
0 |
|
|a slo
|
| 044 |
|
|
|a xo
|c SK
|
| 080 |
|
|
|a 301.15/.18
|2 UDC-MRF-SK2
|
| 100 |
1 |
|
|a Ginterová, Anastázia,
|d 1930-2008
|4 ain
|9 113634
|
| 245 |
1 |
0 |
|a Slovensko štát mnohonárodný
|c Pál Csáky, Anastázia Ginterová
|
| 300 |
|
|
|b Obr.
|
| 650 |
0 |
7 |
|a spoločnosť občianska
|x rozhovory
|2 snkbucl
|9 1112375
|
| 655 |
|
7 |
|a články z novín a časopisov
|2 snkbucl
|9 267496
|
| 700 |
1 |
|
|a Csáky, Pál,
|d 1956-
|4 aut
|4 uin
|9 89590
|
| 773 |
0 |
|
|t Mosty
|g Roč. 7, č. 44 (1998), s. 1-2
|
| 850 |
|
|
|a Slovenská národná knižnica v Martine
|
| 852 |
|
|
|a SNK
|b KIS3GCP
|
| 958 |
|
|
|a RBX
|
| 999 |
|
|
|c 1836732
|d 1838662
|